| 000 | 00303 a2200121 4500 | ||
|---|---|---|---|
| 001 | 86586 | ||
| 082 | _a398.2 LOK | ||
| 090 |
_c40763 _d40763 |
||
| 100 | _aLok Virsa | ||
| 245 |
_aIn Comparable Folk Fiesta (Audio CD) _hAudio CD |
||
| 260 |
_aLok Virsa _bLok Virsa Islamabad _c2012 |
||
| 500 | _aLok Virsa | ||
| 942 |
_aCAENUST _k398.2 LOK |
||
| 999 |
_c321659 _d321659 |
||